<?xml version="1.0" encoding="UTF-8"?>
<record
    xmlns:xsi="http://www.w3.org/2001/XMLSchema-instance"
    xsi:schemaLocation="http://www.loc.gov/MARC21/slim http://www.loc.gov/standards/marcxml/schema/MARC21slim.xsd"
    xmlns="http://www.loc.gov/MARC21/slim">

  <leader>00995nam0a2200253   4500</leader>
  <controlfield tag="001">RU\NLR\BIBL_A\012622458</controlfield>
  <controlfield tag="005">20250624091934.0</controlfield>
  <datafield tag="035" ind1=" " ind2=" ">
    <subfield code="a">(NLR Aleph) 012622458</subfield>
  </datafield>
  <datafield tag="090" ind1=" " ind2=" ">
    <subfield code="a">13305721</subfield>
    <subfield code="c">13305721</subfield>
  </datafield>
  <datafield tag="100" ind1=" " ind2=" ">
    <subfield code="a">20211015a1985    |||y0rusy50      ca</subfield>
  </datafield>
  <datafield tag="101" ind1="0" ind2=" ">
    <subfield code="a">kur</subfield>
  </datafield>
  <datafield tag="102" ind1=" " ind2=" ">
    <subfield code="a">AM</subfield>
  </datafield>
  <datafield tag="105" ind1=" " ind2=" ">
    <subfield code="a">a   z   000 y</subfield>
  </datafield>
  <datafield tag="200" ind1="1" ind2=" ">
    <subfield code="a">&#x425;w&#x4D9;&#x43D;&#x434;&#x44C;&#x43D;&#x435; &#x43B;&#x438;&#x442;&#x435;&#x440;&#x430;&#x442;&#x443;&#x440;&#x430;&#x435;&#x439;&#x4D9; &#x445;w&#x4D9;&#x43D;&#x434;&#x44C;&#x43D;&#x435; &#x431;&#x43E;&#x43D;&#x430; &#x434;&#x4D9;&#x440;&#x441;&#x445;&#x430;&#x43D;&#x435;&#x434; VII-VIII</subfield>
    <subfield code="f">&#x41C;&#x438;&#x440;&#x43E;&#x435; &#x4D8;&#x441;&#x4D9;&#x434;, Q&#x430;&#x447;&#x430;&#x445;&#x435; &#x41C;&#x440;&#x430;&#x434;</subfield>
    <subfield code="g">&#x436;&#x44C; &#x430;&#x43B;&#x438;&#x435; &#x43C;&#x438;&#x43D;&#x438;&#x441;&#x442;&#x440;&#x438;&#x439;&#x430; &#x420;&#x421;&#x421; &#x4D8;&#x440;&#x43C;&#x4D9;&#x43D;&#x438;&#x441;&#x442;&#x430;&#x43D;&#x435;&#x439;&#x4D9; &#x440;&#x5D9;&#x43E;&#x43D;&#x430;&#x439;&#x435; &#x4BB;&#x430;&#x442;&#x439;&#x4D9; &#x442;&#x5D9;&#x4D9;&#x441;&#x442;&#x438;q&#x43A;&#x440;&#x44C;&#x43D;&#x435;</subfield>
  </datafield>
  <datafield tag="210" ind1=" " ind2=" ">
    <subfield code="a">&#x415;&#x440;&#x435;&#x432;&#x430;&#x43D;</subfield>
    <subfield code="d">1985</subfield>
  </datafield>
  <datafield tag="215" ind1=" " ind2=" ">
    <subfield code="a">278,[2] &#x441;.</subfield>
    <subfield code="d">21</subfield>
  </datafield>
  <datafield tag="541" ind1="1" ind2=" ">
    <subfield code="6">z01790</subfield>
    <subfield code="a">&#x41B;&#x438;&#x442;&#x435;&#x440;&#x430;&#x442;&#x443;&#x440;&#x43D;&#x43E;&#x435; &#x447;&#x442;&#x435;&#x43D;&#x438;&#x435; &#x43D;&#x430; &#x43A;&#x443;&#x440;&#x434;&#x441;&#x43A;&#x43E;&#x43C; &#x44F;&#x437;&#x44B;&#x43A;&#x435; &#x434;&#x43B;&#x44F; VII-VIII &#x43A;&#x43B;&#x430;&#x441;&#x441;&#x43E;&#x432;</subfield>
    <subfield code="z">rus</subfield>
  </datafield>
  <datafield tag="686" ind1="1" ind2=" ">
    <subfield code="a">&#x428;12/7-96</subfield>
  </datafield>
  <datafield tag="701" ind1=" " ind2="1">
    <subfield code="a">&#x4D8;&#x441;&#x4D9;&#x434;</subfield>
    <subfield code="b">&#x41C;.</subfield>
    <subfield code="g">&#x41C;&#x438;&#x440;&#x43E;&#x435;</subfield>
    <subfield code="4">070</subfield>
  </datafield>
  <datafield tag="790" ind1=" " ind2="1">
    <subfield code="6">z01541</subfield>
    <subfield code="a">&#x410;&#x441;&#x430;&#x434;</subfield>
    <subfield code="b">&#x41C;.</subfield>
    <subfield code="g">&#x41C;&#x438;&#x440;&#x43E;&#x435;</subfield>
    <subfield code="4">070</subfield>
  </datafield>
  <datafield tag="852" ind1=" " ind2=" ">
    <subfield code="a">NLR</subfield>
    <subfield code="b">&#x41E;&#x41D;&#x41B;</subfield>
    <subfield code="j">&#x41A;&#x443;&#x440;&#x434;./3-162</subfield>
  </datafield>
  <datafield tag="942" ind1=" " ind2=" ">
    <subfield code="c">BOOK</subfield>
  </datafield>
  <datafield tag="980" ind1=" " ind2=" ">
    <subfield code="a">NB</subfield>
  </datafield>
  <datafield tag="995" ind1=" " ind2=" ">
    <subfield code="5">2021-10-15</subfield>
    <subfield code="b">NLR01</subfield>
    <subfield code="c">NLR01</subfield>
    <subfield code="e">ONL</subfield>
    <subfield code="f">1-3002311</subfield>
    <subfield code="k">&#x41E;&#x41D;&#x41B; &#x41A;&#x443;&#x440;&#x434;./3-162</subfield>
    <subfield code="o">0</subfield>
    <subfield code="r">BOOK</subfield>
    <subfield code="s">_3162</subfield>
  </datafield>
</record>
